<?xml version="1.0" encoding="UTF-8"?>
<collection xmlns="http://www.loc.gov/MARC21/slim">
    <record>
        <controlfield tag="001">44430</controlfield>
        <controlfield tag="005">20170831220500.0</controlfield>
        <datafield tag="037" ind1=" " ind2=" ">
            <subfield code="a">GDOC-2011-1355</subfield>
        </datafield>
        <datafield tag="041" ind1=" " ind2=" ">
            <subfield code="a">spa</subfield>
        </datafield>
        <datafield tag="100" ind1=" " ind2=" ">
            <subfield code="0">(orcid)0000-0002-7384-9166</subfield>
            <subfield code="a">Mur Lacambra, Jesús Domingo</subfield>
        </datafield>
        <datafield tag="245" ind1="0" ind2="0">
            <subfield code="9">61305</subfield>
            <subfield code="a">Análisis de datos de panel</subfield>
        </datafield>
        <datafield tag="260" ind1=" " ind2=" ">
            <subfield code="a">Zaragoza</subfield>
            <subfield code="b">Universidad de Zaragoza</subfield>
            <subfield code="c">2011-2012</subfield>
        </datafield>
        <datafield tag="520" ind1=" " ind2=" ">
            <subfield code="a">El curso se plantea como un recorrido por todas las posibilidades que ofrece la técnica de modelización de datos de panel. El esfuerzo inicial principal se dedica a asentar los conceptos esenciales de dicha metodología (heterogeneidad y endogeneidad). A continuación, la discusión se dirige a una serie de tópicos de ámbito más limitado, aunque de indudable interés (raíces unitarias, modelos de elección discreta etc.), que enriquecen el ámbito de aplicación.</subfield>
        </datafield>
        <datafield tag="521" ind1=" " ind2=" ">
            <subfield code="9">620</subfield>
            <subfield code="a">Máster Universitario en Investigación en Economía</subfield>
        </datafield>
        <datafield tag="540" ind1=" " ind2=" ">
            <subfield code="a">by-nc-sa</subfield>
            <subfield code="b">Creative Commons</subfield>
            <subfield code="c">3.0</subfield>
            <subfield code="u">http://creativecommons.org/licenses/by-nc-sa/3.0/</subfield>
        </datafield>
        <datafield tag="700" ind1=" " ind2=" ">
            <subfield code="0">(orcid)0000-0003-4719-1345</subfield>
            <subfield code="a">Angulo Garijo, Ana María</subfield>
        </datafield>
        <datafield tag="830" ind1=" " ind2=" ">
            <subfield code="9">334</subfield>
        </datafield>
        <datafield tag="856" ind1="4" ind2=" ">
            <subfield code="s">77620</subfield>
            <subfield code="u">http://zaguan.unizar.es/record/44430/files/guia.pdf</subfield>
            <subfield code="y">Guía (idioma español)</subfield>
        </datafield>
        <datafield tag="980" ind1=" " ind2=" ">
            <subfield code="a">GDOC</subfield>
            <subfield code="b">Ciencias sociales</subfield>
            <subfield code="c">109</subfield>
        </datafield>
    </record>

    
</collection>